000
00298nam a2200133Ia 4500
100
_a
Pucknell/Douglas A
942
_c
RB
654
_a
digital
245
_a
Fundamentals of Digital Logic Design
260
_b
Prentice Hall
_c
1989
082
_a
621.395
_b
PUC
300
_a
472
546
_a
ENGLISH
999
_c
26391
_d
26391